TV Show by Baseball/Softball Scene Quiz Stats

Quiz Updated Apr 4, 2016

Challenge
Share
Tweet
Score 0/20 Timer 05:00
1 Play Today
% Correct
South Park
98.9%
The Simpsons
97.7%
Family Guy
94.9%
I Love Lucy
85.9%
Full House
83.5%
Married... with Children
77.6%
The X-Files
75.4%
Arrested Development
71%
Bob's Burgers
70.9%
Happy Days
65.3%
% Correct
Modern Family
61.9%
Freaks and Geeks
52.5%
Seinfeld
46.3%
Anger Management
42.6%
Eastbound & Down
38.3%
The Wonder Years
35.5%
Psych
33.5%
Star Trek: Deep Space Nine
31%
WKRP in Cincinnati
21%
Men of a Certain Age
10.6%

You're not logged in!

Compare scores with friends on all Sporcle quizzes.
Join for Free
OR
Log In

You Might Also Like...

Show Comments

Extras

Top Quizzes Today


Score Distribution

Your Account Isn't Verified!

In order to create a playlist on Sporcle, you need to verify the email address you used during registration. Go to your Sporcle Settings to finish the process.

Report this User

Report this user for behavior that violates our Community Guidelines.

Details: